Obálka Náhled e-knihy:
PDF Epub
Pro půjčování e-knih musíte být přihlášeni.
Jak si půjčit online?

Divá Bára - pokračování /

Divá Bára – pokračování. V novém autorském pokračování se vracíme do kraje, kde se příběhy rodí z vůně lesa, šepotu potoka a odvahy těch, kteří se odmítají podřídit očekáváním. Bára, žena s nezkrotným srdcem a hlubokým smyslem pro spravedlnost, znovu vstupuje do světa, který ji kdysi odmítal, aby v...

Celý popis

Uloženo v:
Hlavní autor: Kostka, Pavel (Autor)
Médium: E-kniha
Jazyk:Czech
Vydáno: Praha : PPKPP, 2026
Tagy:
Žádné tagy
LEADER 02039nam a22002297i 4500
001 302763
007 ta
008 260514s2026 xr ||||| |||| 00| 0 cze d
020 |a 9990004270565 
044 |a xr 
100 1 |a  Kostka, Pavel  |4 aut 
245 1 0 |a Divá Bára - pokračování /  |c  Kostka, Pavel 
264 1 |a Praha :  |b PPKPP,  |c 2026 
300 |a 1 online zdroj (100 stran) 
336 |a text  |b txt  |2 rdacontent 
337 |a bez média  |b n  |2 rdamedia 
338 |a online zdroj  |b cr  |2 rdacarrier 
520 2 |a Divá Bára – pokračování. V novém autorském pokračování se vracíme do kraje, kde se příběhy rodí z vůně lesa, šepotu potoka a odvahy těch, kteří se odmítají podřídit očekáváním. Bára, žena s nezkrotným srdcem a hlubokým smyslem pro spravedlnost, znovu vstupuje do světa, který ji kdysi odmítal, aby v něm našla vlastní hlas, vlastní cestu a vlastní pravdu. Autor rozvíjí původní motivy do širšího románového příběhu, který propojuje venkovskou poetiku, psychologickou hloubku a nadčasová témata svobody, identity a lidské důstojnosti. V novém vyprávění se setkáváme s generacemi, které nesou odkaz Divé Báry - pokračování dál, a s krajinou, která je stejně živá jako její obyvatelé. Tento román nabízí citlivé, moderní a přesto respektující navázání na klasiku české literatury. Je to příběh o síle komunity, o odvaze být jiný a o tom, že skutečná svoboda začíná tam, kde se člověk přestane bát sám sebe. Pokračování, které ctí originál, ale stojí pevně na vlastních nohách. 
910 |a RBIT002 
998 |d 427056  |a https://core.palmknihy.cz/api/books/427056/cover?tewy0r  |b https://core.palmknihy.cz/api/books/427056/cover/400?tewy0r  |c https://core.palmknihy.cz/api/books/427056/cover/50?tewy0r  |e   |g 100  |i 9990004270565  |j https://core.palmknihy.cz/api/books/427056/preview.epub  |k https://core.palmknihy.cz/api/books/427056/preview.pdf  |l   |q 49  |r 1  |s https://www.palmknihy.cz/kniha/427056  |t ebook  |y 2026  |z 1 
999 |d 302761